Everyday Life in Bible Times /

Guardado en:
Detalles Bibliográficos
Autor principal: Grosvenor, Melville Bell (dirección editorial)
Otros autores: Vosburgh, Frederick G. (dirección editorial) (dirección editorial), Severy, Merle (edición) (edición)
Formato: Libro
Idioma:Inglés
Publicado: Washington, EUA : National Geographic Society, 1967, c1967
Etiquetas: Agrega una etiqueta
Sin etiquetas, Sé el primero en etiquetar este registro!

MARC

LEADER 00000nam^a2200000^a^4500
001 000577042
005 20250521000000.0
009 20260310132441.69
037 |a Acervo Xavier Clavigero 
041 |a ING 
091 |a FIP. 00673 
100 |a Grosvenor, Melville Bell  |e (dirección editorial) 
245 1 0 |a Everyday Life in Bible Times / 
264 4 |a Washington, EUA :  |b National Geographic Society,  |c 1967, c1967 
300 |a 448 p. +  |e 1 mapa 
336 |a texto  |b txt  |2 rdacontenido 
337 |a sin mediación  |b n  |2 rdamedio 
338 |a volumen  |b nc  |2 rdasoporte 
649 |a XX 
700 |a Vosburgh, Frederick G.  |e (dirección editorial) 
700 |a Severy, Merle  |e (edición) 
910 |a Fondo Manuel Ignacio Pérez Alonso S.J. 
920 |a Impresos - Libros 
930 |a Fondos Especiales 
905 |a 140 
901 |a 0500404511  |b IT2  |c ESP  |i D  |u 20250521 
901 |a 0500404514  |b IT2  |c ESP  |i D  |u 20250521 
902 |a https://opac.biblio.iteso.mx/vufind/Record/000577042